[Event "African Games Rapid Open 2019"]
[Site "Casablanca"]
[Date "2019.08.26"]
[Round "2.1"]
[White "Adu, Oladapo"]
[Black "Adly, Ahmed"]
[Result "1-0"]
[WhiteElo "2273"]
[BlackElo "2636"]
[Annotator "TA"]
[PlyCount "82"]
[EventDate "2019.08.26"]
[EventType "team-tourn"]
[EventCountry "MAR"]
[SourceTitle "playchess.com"]
[Source "ChessBase"]
[SourceQuality "1"]

{[%evp 9,82,56,56,49,52,33,67,57,44,44,68,25,54,15,6,22,14,1,8,5,50,5,74,-8,-6,-10,-11,-8,13,0,0,0,0,-22,12,0,26,-19,-3,-3,0,-1,-14,-29,-23,-47,-41,-85,-96,-77,-103,-99,-73,-200,-185,-246,-243,-255,-248,-243,-240,-400,-400,-390,-389,-425,-405,-631,-623,-617,-595,-29941,-6747,-5834,-5818]} 1. e4 b6 2. Nc3 Bb7 3. d4 e6 4. Nf3 g6 5. Bd3 Bg7 6. Qe2 {B00: Queen's Fianchetto Defence, Nimzowitsch Defence} (6. O-O d6 7. a4 a6 8. d5 e5 9. Be3 Ne7 10. Ne2 a5 11. Bb5+ Nd7 12. Nd2 O-O {0-1 (27) Anand,V (2773)-Kamsky,G (2666) St Petersburg 2018}) 6... d6 7. Bg5 $146 ({Predecessor:} 7. h4 h6 8. Be3 Nd7 9. Ba6 Qc8 10. Bxb7 Qxb7 11. h5 g5 12. Nd2 Ne7 {1-0 (40) Santiago,Y (2405)-Souza Neves,A (2159) Montenegro 2013}) 7... Qc8 8. h4 {White is slightly better.} h6 9. Bf4 a6 10. Qd2 (10. e5 {seems wilder.} d5 11. Nd1 c5 12. c3 Ne7 13. O-O) 10... Ne7 11. e5 Bxf3 $1 12. gxf3 d5 13. Ne2 $1 c5 14. c3 $1 Nbc6 15. Be3 Nf5 {[#]} (15... h5 $11) 16. Bxf5 (16. h5 $1 $16) 16... gxf5 $11 17. Rg1 Bf8 18. O-O-O cxd4 19. Bxd4 b5 20. Kb1 Qd8 21. Qf4 Qc7 22. Qe3 Be7 23. Rh1 Rb8 24. Rc1 a5 25. Nf4 a4 26. Nh5 Na5 27. Ng7+ Kd7 28. Nxf5 exf5 {[#]} 29. e6+ $1 {[%mdl 576] Discovered Attack} fxe6 {aiming for ...Nc4.} 30. Bxh8 Rxh8 31. Rhe1 (31. Rce1 $17 {is the only way for White.} Qc6 32. Rhg1) 31... Qc6 $19 32. Qd4 (32. Qa7+ {might work better.} Qb7 33. Qe3 (33. Qxa5 $2 Ra8 $19)) 32... Rg8 33. Rg1 Rxg1 34. Rxg1 Qc5 35. Qe3 $2 (35. Qxc5 {was necessary.} Bxc5 36. Rg6) 35... Qxe3 36. fxe3 Bxh4 37. Rg6 Bf2 38. e4 (38. Rxh6 $142 Bxe3 39. Rh7+ Kd6 40. Kc2) 38... dxe4 39. fxe4 fxe4 40. Rxh6 e3 41. Kc2 e2 {[%mdl 32768] Accuracy: White = 26%, Black = 63%. . Loss on time!?} 1-0

[Event "African Games Rapid Open 2019"]
[Site "Casablanca"]
[Date "2019.08.26"]
[Round "2.2"]
[White "Amin, Bassem"]
[Black "Aderito, Pedro"]
[Result "1-0"]
[WhiteElo "2692"]
[BlackElo "2301"]
[Annotator "TA"]
[PlyCount "65"]
[EventDate "2019.08.26"]
[EventType "team-tourn"]
[EventCountry "MAR"]
[SourceTitle "playchess.com"]
[Source "ChessBase"]
[SourceQuality "1"]

{[%evp 12,65,-15,-16,36,-2,-2,-8,7,0,13,9,46,45,53,41,86,72,89,97,100,77,78,63,179,136,269,249,248,227,262,241,243,237,250,186,248,210,266,270,252,174,239,237,312,302,465,463,447,439,729,452,795,906,915,897]} 1. e4 e6 2. d3 d5 3. Nd2 c5 4. g3 Nc6 5. Bg2 Nf6 6. Ngf3 Be7 7. O-O e5 {C00: French: Unusual White 2nd moves} (7... O-O $11) (7... O-O 8. Re1 b5 9. a4 b4 10. e5 Nd7 11. Nf1 b3 12. c4 dxc4 13. dxc4 Rb8 14. Bd2 Qc7 15. Bc3 Rd8 16. N1d2 Bb7 17. Qe2 Ba8 {1-0 (57) Malakhov,V (2654)-Salgado Lopez,I (2624) Germany 2019}) 8. Qe2 {With the idea exd5.} (8. Re1 d4 9. Nc4 Nd7 10. a4 b6 11. Rf1 a6 12. Nh4 Ndb8 13. Nf5 Bf8 14. f4 {0-1 (40) Amin,B (2535)-Aderito,P (2305) Windhoek 2007}) 8... d4 9. Nc4 Nd7 {The position is equal.} 10. a4 b6 11. Ne1 $146 ({Predecessor:} 11. Bd2 a6 12. Bh3 Qc7 13. b3 Rb8 14. Bxd7+ Bxd7 15. Nfxe5 {1-0 (34) Onischuk,V (2490)-Sichinava,Z (2364) St Petersburg 2011}) 11... a6 12. f4 $36 {[%mdl 2048] White has some pressure.} O-O 13. Nf3 exf4 14. Bxf4 Nf6 15. a5 bxa5 16. Nh4 Bg4 17. Qd2 g6 ({Black should try} 17... Be6 $14) 18. Bh6 (18. Nxa5 $6 Nxa5 19. Qxa5 (19. Rxa5 Re8 $14) 19... Ra7 $16) 18... Nh5 (18... Be6 $16 19. Bxf8 (19. Nxa5 Ne5 $16) 19... Qxf8) 19. Bxf8 $18 ({But not} 19. Nxa5 $6 Ne5 $16) 19... Bxf8 20. Bf3 Bxf3 21. Rxf3 Ra7 22. Raf1 Bg7 23. Ng2 {Threatens to win with Qf2.} Nf6 (23... Ne5 {was necessary.} 24. Nxe5 (24. Nxa5 Nxf3+ 25. Rxf3 Qc7 $16) 24... Bxe5) 24. h3 h6 25. Qf2 Nh7 26. h4 {[%cal Rf3f7]} Qe7 (26... Qd7 $142 27. Qe1 Qd8) 27. Nf4 Nf8 28. Nd5 Qd7 (28... Qe6 {might work better.} 29. Nf6+ Kh8) 29. Nf6+ {White is clearly winning.} Bxf6 30. Rxf6 Ne6 (30... h5 $142 31. e5 a4) 31. Qe2 Qe8 (31... Ned8 $142 32. h5 Qh3) 32. Nd6 Qb8 33. e5 {Accuracy: White = 69%, Black = 21%.} 1-0

[Event "African Games Rapid Open 2019"]
[Site "Casablanca"]
[Date "2019.08.26"]
[Round "2.3"]
[White "Silva, David"]
[Black "Hamdouchi, Hicham"]
[Result "0-1"]
[WhiteElo "2239"]
[BlackElo "2562"]
[Annotator "ChessBase"]
[PlyCount "139"]
[EventDate "2019.08.26"]
[EventType "team-tourn"]
[EventCountry "MAR"]
[SourceTitle "playchess.com"]
[Source "ChessBase"]
[SourceQuality "1"]
[TimeControl "900+10"]

1. e4 {[%emt 0:00:00]} c5 {[%emt 0:00:00]} 2. Nf3 {[%emt 0:00:00]} Nc6 {[%emt 0:00:00]} 3. Bb5 {[%emt 0:01:45]} e6 {[%emt 0:00:02]} 4. Bxc6 {[%emt 0:00:06]} bxc6 {[%emt 0:00:01]} 5. O-O {[%emt 0:00:03]} Ne7 {[%emt 0:00:12]} 6. d3 {[%emt 0:00:23]} Ng6 {[%emt 0:00:25]} 7. Ng5 {[%emt 0:00:03]} f6 {[%emt 0:01:35]} 8. Nh3 {[%emt 0:00:03]} d5 {[%emt 0:00:02]} 9. Nc3 {[%emt 0:00:05]} Bd6 {[%emt 0:00:19]} 10. f4 {[%emt 0:00:08]} O-O {[%emt 0:00:05]} 11. Na4 {[%emt 0:01:03]} c4 {[%emt 0:00:38]} 12. dxc4 {[%emt 0:00:06]} dxe4 {[%emt 0:01:42]} 13. Be3 {[%emt 0:00:23]} Qe7 {[%emt 0:00:02]} 14. Qh5 {[%emt 0:02:20]} Rd8 {[%emt 0:01:10]} 15. Rad1 {[%emt 0:00:20]} Ba6 {[%emt 0:04:29]} 16. b3 {[%emt 0:00:09]} f5 {[%emt 0:00:28]} 17. Rd2 {[%emt 0:02:03]} Bb4 {[%emt 0:01:12]} 18. Rxd8+ {[%emt 0:00:12]} Rxd8 {[%emt 0:00:01]} 19. Rd1 {[%emt 0:00:08]} Bd6 {[%emt 0:01:05]} 20. Qg5 {[%emt 0:04:42]} Qc7 {[%emt 0:01:05]} 21. Qh5 {[%emt 0:00:05]} Be7 {[%emt 0:01:47]} 22. Qe2 {[%emt 0:00:46]} Rxd1+ {[%emt 0:01:22]} 23. Qxd1 {[%emt 0:00:04]} c5 {[%emt 0:00:02]} 24. Qd2 {[%emt 0:00:14]} Nf8 {[%emt 0:00:02]} 25. Nf2 {[%emt 0:00:36]} Nd7 {[%emt 0:00:22]} 26. Nd1 {[%emt 0:00:47]} Bb7 {[%emt 0:00:01]} 27. Ndc3 {[%emt 0:00:03]} a6 {[%emt 0:00:01]} 28. Ne2 {[%emt 0:00:15]} h6 {[%emt 0:00:04]} 29. a3 {[%emt 0:00:07]} Bc6 {[%emt 0:00:07]} 30. Nec3 {[%emt 0:00:15]} Bd6 {[%emt 0:00:19]} 31. Qf2 {[%emt 0:00:17]} Bb7 {[%emt 0:00:30]} 32. Qd2 {[%emt 0:00:15]} Kh7 {[%emt 0:00:03]} 33. Qf2 {[%emt 0:00:10]} Kg8 {[%emt 0:00:20]} 34. Qd2 {[%emt 0:00:02]} Kf7 {[%emt 0:00:03]} 35. Qf2 {[%emt 0:00:04]} Kf8 {[%emt 0:00:43]} 36. Qd2 {[%emt 0:00:07]} Ke7 {[%emt 0:00:20]} 37. Qf2 {[%emt 0:00:05]} Kf7 {[%emt 0:00:14]} 38. Qd2 {[%emt 0:00:04]} g5 {[%emt 0:00:08]} 39. g3 {[%emt 0:00:07]} gxf4 {[%emt 0:00:02]} 40. gxf4 {[%emt 0:00:01]} Nf6 {[%emt 0:00:20]} 41. h3 {[%emt 0:00:09]} Nh5 {[%emt 0:00:03]} 42. Ne2 {[%emt 0:00:02]} Nf6 {[%emt 0:00:16]} 43. Qe1 {[%emt 0:00:17]} Nd7 {[%emt 0:00:10]} 44. Qh4 {[%emt 0:00:02]} Bf8 {[%emt 0:00:05]} 45. Qh5+ {[%emt 0:00:02]} Ke7 {[%emt 0:00:04]} 46. Qg6 {[%emt 0:00:09]} Qd6 {[%emt 0:00:12]} 47. Kf2 {[%emt 0:00:17]} Kd8 {[%emt 0:00:01]} 48. Nac3 {[%emt 0:00:26]} Kc7 {[%emt 0:00:02]} 49. Qh7 {[%emt 0:00:08]} Bc6 {[%emt 0:00:17]} 50. b4 {[%emt 0:00:35]} cxb4 {[%emt 0:00:07]} 51. c5 {[%emt 0:00:02]} Qe7 {[%emt 0:00:01]} 52. Qxe7 {[%emt 0:00:02]} Bxe7 {[%emt 0:00:01]} 53. axb4 {[%emt 0:00:01]} Nf6 {[%emt 0:00:33]} 54. Nd4 {[%emt 0:00:17]} Bd7 {[%emt 0:00:01]} 55. b5 {[%emt 0:00:59]} axb5 {[%emt 0:00:07]} 56. Ncxb5+ {[%emt 0:00:02]} Bxb5 {[%emt 0:00:14]} 57. Nxb5+ {[%emt 0:00:01]} Kd7 {[%emt 0:00:18]} 58. c4 {[%emt 0:00:06]} Nh5 {[%emt 0:00:17]} 59. Nd4 {[%emt 0:00:28]} Bxc5 {[%emt 0:00:19]} 60. Nxf5 {[%emt 0:00:05]} exf5 {[%emt 0:00:02]} 61. Bxc5 {[%emt 0:00:13]} Nxf4 {[%emt 0:00:01]} 62. Kg3 {[%emt 0:00:07]} Ng6 {[%emt 0:00:24]} 63. Be3 {[%emt 0:00:03]} h5 {[%emt 0:00:01]} 64. h4 {[%emt 0:00:02]} Ke6 {[%emt 0:00:04]} 65. Bh6 {[%emt 0:00:10]} Kd6 {[%emt 0:00:10]} 66. Be3 {[%emt 0:00:35]} Ke5 {[%emt 0:00:03]} 67. Bg5 {[%emt 0:00:01]} f4+ {[%emt 0:00:12]} 68. Kf2 {[%emt 0:00:10]} Kd4 {[%emt 0:00:02]} 69. c5 {[%emt 0:00:04]} Kxc5 {[%emt 0:00:13]} 70. Ke1 0-1

[Event "African Games Rapid Open 2019"]
[Site "Casablanca"]
[Date "2019.08.26"]
[Round "2.4"]
[White "Bellahcene, Bilel"]
[Black "Osunfuyi, Abimbola"]
[Result "1-0"]
[WhiteElo "2550"]
[BlackElo "2235"]
[Annotator "ChessBase"]
[PlyCount "67"]
[EventDate "2019.08.26"]
[EventType "team-tourn"]
[EventCountry "MAR"]
[SourceTitle "playchess.com"]
[Source "ChessBase"]
[SourceQuality "1"]
[TimeControl "900+10"]

1. e4 {[%emt 0:00:00]} c5 {[%emt 0:00:00]} 2. Nf3 {[%emt 0:00:00]} d6 {[%emt 0:00:00]} 3. d4 {[%emt 0:00:00]} cxd4 {[%emt 0:00:00]} 4. Nxd4 {[%emt 0:00:00]} Nf6 {[%emt 0:00:00]} 5. Nc3 {[%emt 0:00:00]} a6 {[%emt 0:00:00]} 6. h4 {[%emt 0:00:00]} e5 {[%emt 0:00:05]} 7. Nb3 {[%emt 0:00:00]} Be7 {[%emt 0:00:13]} 8. Be2 {[%emt 0:00:03]} Be6 {[%emt 0:00:28]} 9. Bf3 {[%emt 0:00:02]} Nbd7 {[%emt 0:00:13]} 10. g4 {[%emt 0:00:18]} Nb6 {[%emt 0:00:19]} 11. g5 {[%emt 0:00:06]} Nfd7 {[%emt 0:00:03]} 12. Bg4 {[%emt 0:00:04]} Rc8 {[%emt 0:00:55]} 13. Bxe6 {[%emt 0:00:26]} fxe6 {[%emt 0:00:01]} 14. Qh5+ {[%emt 0:00:08]} g6 {[%emt 0:00:11]} 15. Qg4 {[%emt 0:00:01]} Kf7 {[%emt 0:00:12]} 16. f4 {[%emt 0:00:19]} Qg8 {[%emt 0:00:22]} 17. Rf1 {[%emt 0:01:37]} Ke8 {[%emt 0:00:08]} 18. fxe5 {[%emt 0:00:31]} Nxe5 {[%emt 0:00:12]} 19. Qh3 {[%emt 0:00:07]} h6 {[%emt 0:00:08]} 20. gxh6 {[%emt 0:00:04]} g5 {[%emt 0:00:02]} 21. hxg5 {[%emt 0:00:04]} Kd7 {[%emt 0:00:06]} 22. Nd5 {[%emt 0:00:12]} Nxd5 {[%emt 0:00:51]} 23. exd5 {[%emt 0:00:02]} Rxc2 {[%emt 0:00:04]} 24. Nd4 {[%emt 0:00:26]} Rc4 {[%emt 0:00:23]} 25. Qxe6+ {[%emt 0:00:07]} Qxe6 {[%emt 0:00:07]} 26. dxe6+ {[%emt 0:00:01]} Kc7 {[%emt 0:00:12]} 27. Be3 {[%emt 0:00:05]} Bxg5 {[%emt 0:00:24]} 28. Bxg5 {[%emt 0:00:28]} Rxd4 {[%emt 0:00:07]} 29. Rc1+ {[%emt 0:00:08]} Kb8 {[%emt 0:00:04]} 30. e7 {[%emt 0:01:08]} Nd7 {[%emt 0:01:46]} 31. Rc2 {[%emt 0:01:21]} Rd5 {[%emt 0:00:36]} 32. Re2 {[%emt 0:00:22]} Re8 {[%emt 0:00:23]} 33. h7 {[%emt 0:00:07]} Rxg5 {[%emt 0:00:17]} 34. Rf8 {[%emt 0:00:05]} 1-0

[Event "African Games Rapid Open 2019"]
[Site "Casablanca"]
[Date "2019.08.26"]
[Round "2.5"]
[White "Wanyama, Harold"]
[Black "Arab, Adlane"]
[Result "1/2-1/2"]
[WhiteElo "2293"]
[BlackElo "2485"]
[Annotator "ChessBase"]
[PlyCount "108"]
[EventDate "2019.08.26"]
[EventType "team-tourn"]
[EventCountry "MAR"]
[SourceTitle "playchess.com"]
[Source "ChessBase"]
[SourceQuality "1"]
[TimeControl "900+10"]

1. c4 {[%emt 0:00:00]} c5 {[%emt 0:00:00]} 2. Nf3 {[%emt 0:00:00]} Nc6 {[%emt 0:00:00]} 3. g3 {[%emt 0:00:00]} g6 {[%emt 0:00:00]} 4. Bg2 {[%emt 0:00:06]} Bg7 {[%emt 0:00:00]} 5. O-O {[%emt 0:00:02]} d6 {[%emt 0:00:05]} 6. Nc3 {[%emt 0:00:03]} e6 {[%emt 0:00:05]} 7. e4 {[%emt 0:00:05]} Nge7 {[%emt 0:00:08]} 8. b3 {[%emt 0:00:10]} O-O {[%emt 0:00:05]} 9. Bb2 {[%emt 0:00:00]} a6 {[%emt 0:00:06]} 10. Rc1 {[%emt 0:00:03]} b5 {[%emt 0:00:18]} 11. d3 {[%emt 0:00:10]} Rb8 {[%emt 0:00:17]} 12. Qd2 {[%emt 0:00:18]} e5 {[%emt 0:00:13]} 13. Nd5 {[%emt 0:00:32]} Nxd5 {[%emt 0:00:12]} 14. cxd5 {[%emt 0:00:10]} Ne7 {[%emt 0:00:11]} 15. Ne1 {[%emt 0:00:02]} a5 {[%emt 0:01:05]} 16. f4 {[%emt 0:00:04]} f6 {[%emt 0:00:11]} 17. Kh1 {[%emt 0:00:27]} Ra8 {[%emt 0:00:17]} 18. a4 {[%emt 0:00:09]} Bd7 {[%emt 0:00:18]} 19. Ra1 {[%emt 0:00:18]} Qb6 {[%emt 0:00:18]} 20. axb5 {[%emt 0:00:38]} Qxb5 {[%emt 0:00:10]} 21. Bc3 {[%emt 0:00:01]} Qxb3 {[%emt 0:00:50]} 22. Nc2 {[%emt 0:00:02]} Rfb8 {[%emt 0:00:23]} 23. fxe5 {[%emt 0:00:16]} fxe5 {[%emt 0:00:16]} 24. Bxa5 {[%emt 0:00:14]} Qb7 {[%emt 0:01:10]} 25. Na3 {[%emt 0:00:21]} Ra6 {[%emt 0:01:21]} 26. Nc4 {[%emt 0:00:41]} Qa7 {[%emt 0:00:04]} 27. Bc3 {[%emt 0:00:21]} Rxa1 {[%emt 0:00:16]} 28. Bxa1 {[%emt 0:00:21]} Qa6 {[%emt 0:00:05]} 29. Qg5 Re8 {[%emt 0:00:22]} 30. Bb2 {[%emt 0:00:22]} h6 {[%emt 0:00:07]} 31. Qd2 {[%emt 0:00:06]} Rb8 {[%emt 0:00:12]} 32. h4 {[%emt 0:00:14]} Nc8 {[%emt 0:01:05]} 33. Qf2 {[%emt 0:00:12]} Be8 {[%emt 0:00:26]} 34. Bh3 {[%emt 0:00:03]} Kh8 {[%emt 0:00:24]} 35. Ra1 {[%emt 0:01:54]} Qb7 {[%emt 0:00:08]} 36. Kg2 {[%emt 0:00:55]} Bd7 {[%emt 0:00:10]} 37. Bxd7 {[%emt 0:02:26]} Qxd7 {[%emt 0:00:02]} 38. Qf3 {[%emt 0:00:05]} Nb6 {[%emt 0:00:15]} 39. Nxb6 {[%emt 0:00:59]} Rxb6 {[%emt 0:00:01]} 40. Ra8+ {[%emt 0:00:03]} Kh7 {[%emt 0:00:03]} 41. Bc1 {[%emt 0:00:13]} Rb1 {[%emt 0:00:18]} 42. Be3 {[%emt 0:00:12]} Rb2+ {[%emt 0:01:26]} 43. Bf2 {[%emt 0:00:03]} h5 {[%emt 0:00:06]} 44. Qd1 {[%emt 0:00:53]} Qf7 {[%emt 0:00:51]} 45. Qf3 {[%emt 0:00:52]} Qb7 {[%emt 0:00:03]} 46. Re8 {[%emt 0:00:18]} Qd7 {[%emt 0:00:39]} 47. Re6 {[%emt 0:00:04]} Rb8 {[%emt 0:00:11]} 48. g4 {[%emt 0:00:22]} Rf8 {[%emt 0:00:21]} 49. Qg3 {[%emt 0:00:05]} Rf6 {[%emt 0:00:46]} 50. gxh5 {[%emt 0:02:23]} Rxe6 {[%emt 0:00:12]} 51. dxe6 {[%emt 0:00:02]} Qxe6 {[%emt 0:00:01]} 52. hxg6+ {[%emt 0:00:04]} Qxg6 {[%emt 0:00:01]} 53. Kh3 {[%emt 0:00:01]} Qf7 {[%emt 0:00:23]} 54. Kg2 {[%emt 0:00:15]} c4 {[%emt 0:00:19]} 1/2-1/2

[Event "African Games Rapid Open 2019"]
[Site "Casablanca"]
[Date "2019.08.26"]
[Round "2.6"]
[White "Tissir, Mohamed"]
[Black "Elarabi, Abobker Mohamed"]
[Result "1/2-1/2"]
[WhiteElo "2379"]
[BlackElo "2326"]
[Annotator "ChessBase"]
[PlyCount "133"]
[EventDate "2019.08.26"]
[EventType "team-tourn"]
[EventCountry "MAR"]
[SourceTitle "playchess.com"]
[Source "ChessBase"]
[SourceQuality "1"]
[TimeControl "900+10"]

1. e4 {[%emt 0:00:00]} e5 {[%emt 0:00:00]} 2. Nf3 {[%emt 0:00:00]} Nc6 {[%emt 0:00:00]} 3. Bc4 {[%emt 0:00:00]} Be7 {[%emt 0:00:00]} 4. d3 {[%emt 0:00:06]} Nf6 {[%emt 0:00:01]} 5. O-O {[%emt 0:00:04]} O-O {[%emt 0:00:02]} 6. Re1 {[%emt 0:00:04]} d6 {[%emt 0:00:14]} 7. c3 {[%emt 0:00:14]} Na5 {[%emt 0:00:31]} 8. Bb5 {[%emt 0:00:02]} Bd7 {[%emt 0:00:01]} 9. Bxd7 {[%emt 0:00:50]} Qxd7 {[%emt 0:00:02]} 10. d4 {[%emt 0:00:16]} Nc6 {[%emt 0:00:16]} 11. h3 {[%emt 0:00:14]} Rfe8 {[%emt 0:00:31]} 12. d5 {[%emt 0:00:06]} Nd8 {[%emt 0:00:33]} 13. c4 {[%emt 0:00:02]} g6 {[%emt 0:01:58]} 14. Nc3 {[%emt 0:00:02]} Bf8 {[%emt 0:00:10]} 15. a4 {[%emt 0:03:09]} a5 {[%emt 0:00:24]} 16. Bd2 {[%emt 0:00:49]} b6 {[%emt 0:00:13]} 17. b4 {[%emt 0:00:12]} Nb7 {[%emt 0:00:31]} 18. Nb5 {[%emt 0:00:06]} axb4 {[%emt 0:00:09]} 19. Bxb4 {[%emt 0:00:02]} Bg7 {[%emt 0:00:31]} 20. Nd2 {[%emt 0:00:54]} Nh5 {[%emt 0:01:00]} 21. Nb3 {[%emt 0:00:07]} Ra6 {[%emt 0:00:46]} 22. Qg4 {[%emt 0:02:11]} Qe7 {[%emt 0:00:34]} 23. a5 {[%emt 0:00:04]} Rea8 {[%emt 0:00:12]} 24. axb6 {[%emt 0:00:10]} Rxa1 {[%emt 0:00:01]} 25. Rxa1 {[%emt 0:00:15]} Rxa1+ {[%emt 0:00:01]} 26. Nxa1 {[%emt 0:00:02]} cxb6 {[%emt 0:00:17]} 27. Nc2 {[%emt 0:02:42]} Bf8 {[%emt 0:00:10]} 28. Ne3 {[%emt 0:00:22]} Nf6 {[%emt 0:00:53]} 29. Qf3 {[%emt 0:00:55]} Nd7 {[%emt 0:01:29]} 30. Na7 {[%emt 0:01:28]} Nbc5 {[%emt 0:01:27]} 31. Nc6 {[%emt 0:00:24]} Qf6 {[%emt 0:00:17]} 32. Qxf6 {[%emt 0:00:35]} Nxf6 {[%emt 0:00:01]} 33. f3 {[%emt 0:00:01]} Nfd7 {[%emt 0:00:18]} 34. Kf1 {[%emt 0:00:02]} h5 {[%emt 0:00:45]} 35. Ke2 {[%emt 0:00:14]} Kg7 {[%emt 0:00:25]} 36. Nc2 {[%emt 0:00:04]} f5 {[%emt 0:00:31]} 37. exf5 {[%emt 0:00:52]} gxf5 {[%emt 0:00:01]} 38. Ne3 {[%emt 0:01:22]} Kf6 {[%emt 0:00:50]} 39. Be1 {[%emt 0:00:01]} Bh6 {[%emt 0:00:58]} 40. Bh4+ {[%emt 0:01:58]} Bg5 {[%emt 0:00:07]} 41. Bxg5+ {[%emt 0:00:01]} Kxg5 42. g3 f4 {[%emt 0:00:57]} 43. h4+ {[%emt 0:00:02]} Kg6 {[%emt 0:00:06]} 44. gxf4 {[%emt 0:00:03]} exf4 {[%emt 0:00:01]} 45. Ng2 {[%emt 0:00:22]} Kf5 {[%emt 0:00:07]} 46. Nd4+ {[%emt 0:00:35]} Ke5 {[%emt 0:00:10]} 47. Nc6+ {[%emt 0:00:12]} Kf5 {[%emt 0:00:03]} 48. Nd4+ {[%emt 0:00:01]} Ke5 {[%emt 0:00:01]} 49. Ne6 {[%emt 0:00:02]} Nxe6 {[%emt 0:01:04]} 50. dxe6 {[%emt 0:00:02]} Nf6 {[%emt 0:00:02]} 51. e7 {[%emt 0:00:03]} Ne8 {[%emt 0:01:53]} 52. Kd3 {[%emt 0:00:05]} Nf6 {[%emt 0:00:20]} 53. Kc3 {[%emt 0:00:01]} d5 {[%emt 0:00:13]} 54. Kd3 {[%emt 0:00:15]} dxc4+ {[%emt 0:00:23]} 55. Kxc4 {[%emt 0:00:01]} Kd6 {[%emt 0:00:20]} 56. Nxf4 {[%emt 0:01:20]} Kxe7 {[%emt 0:00:02]} 57. Kb5 {[%emt 0:00:06]} Kd6 {[%emt 0:00:06]} 58. Kxb6 {[%emt 0:00:15]} Ke5 {[%emt 0:00:03]} 59. Ne2 {[%emt 0:00:09]} Nd5+ {[%emt 0:00:12]} 60. Kc5 {[%emt 0:00:00]} Ne7 {[%emt 0:01:02]} 61. Ng3 {[%emt 0:00:22]} Ng6 {[%emt 0:00:03]} 62. Nxh5 {[%emt 0:00:09]} Nxh4 {[%emt 0:00:01]} 63. f4+ {[%emt 0:00:04]} Kf5 {[%emt 0:00:04]} 64. Kd4 {[%emt 0:00:05]} Ng2 {[%emt 0:00:04]} 65. Kd3 {[%emt 0:00:15]} Kg6 {[%emt 0:00:04]} 66. Ng3 {[%emt 0:00:17]} Nxf4+ {[%emt 0:00:02]} 67. Ke4 1/2-1/2

[Event "African Games Rapid Open 2019"]
[Site "Casablanca"]
[Date "2019.08.26"]
[Round "2.7"]
[White "Mushore, Emarald Takudzwa"]
[Black "Makoto, Rodwell"]
[Result "1/2-1/2"]
[WhiteElo "2198"]
[BlackElo "2373"]
[Annotator "ChessBase"]
[PlyCount "35"]
[EventDate "2019.08.26"]
[EventType "team-tourn"]
[EventCountry "MAR"]
[SourceTitle "playchess.com"]
[Source "ChessBase"]
[SourceQuality "1"]
[TimeControl "900+10"]

1. d4 d5 2. Nf3 {[%emt 0:00:00]} Nf6 {[%emt 0:00:00]} 3. c4 {[%emt 0:00:00]} c6 {[%emt 0:00:00]} 4. Nc3 {[%emt 0:00:00]} e6 {[%emt 0:00:13]} 5. e3 {[%emt 0:00:02]} Be7 {[%emt 0:00:39]} 6. Bd3 {[%emt 0:00:11]} dxc4 {[%emt 0:00:23]} 7. Bxc4 {[%emt 0:00:04]} O-O {[%emt 0:00:04]} 8. O-O {[%emt 0:00:03]} b5 {[%emt 0:00:28]} 9. Bb3 {[%emt 0:00:03]} a6 {[%emt 0:00:02]} 10. e4 {[%emt 0:00:51]} c5 {[%emt 0:00:35]} 11. dxc5 {[%emt 0:00:09]} Qxd1 {[%emt 0:00:31]} 12. Rxd1 {[%emt 0:00:07]} Bxc5 {[%emt 0:00:03]} 13. h3 {[%emt 0:00:30]} Bb7 {[%emt 0:00:21]} 14. Re1 {[%emt 0:00:06]} Nc6 {[%emt 0:01:33]} 15. Be3 {[%emt 0:01:16]} Bxe3 {[%emt 0:00:51]} 16. Rxe3 {[%emt 0:00:04]} Na5 {[%emt 0:00:03]} 17. Rae1 {[%emt 0:00:36]} Nxb3 {[%emt 0:00:06]} 18. axb3 {[%emt 0:00:02]} 1/2-1/2

[Event "African Games Rapid Open 2019"]
[Site "Casablanca"]
[Date "2019.08.26"]
[Round "2.8"]
[White "Ssegwanyi, Arthur"]
[Black "Oatlhotse, Providence"]
[Result "1-0"]
[WhiteElo "2335"]
[BlackElo "2252"]
[Annotator "NA"]
[PlyCount "97"]
[EventDate "2019.08.26"]
[EventType "team-tourn"]
[EventCountry "MAR"]
[SourceTitle "playchess.com"]
[Source "ChessBase"]
[SourceQuality "1"]
[TimeControl "900+10"]

1. e4 {[%emt 0:00:00]} c5 {[%emt 0:00:00]} 2. Nf3 {[%emt 0:00:00]} a6 {[%emt 0:00:00]} 3. c3 {[%emt 0:00:01]} Nf6 {[%emt 0:00:00]} 4. e5 {[%emt 0:00:08]} Nd5 {[%emt 0:00:00]} 5. d4 {[%emt 0:00:03]} cxd4 {[%emt 0:00:02]} 6. cxd4 {[%emt 0:00:01]} e6 {[%emt 0:00:09]} 7. Bc4 {[%emt 0:00:21]} Nb6 {[%emt 0:00:49]} 8. Bd3 {[%emt 0:00:13]} d6 {[%emt 0:00:13]} 9. O-O {[%emt 0:00:12]} N8d7 {[%emt 0:00:33]} 10. Qe2 {[%emt 0:00:26]} dxe5 {[%emt 0:00:56]} 11. dxe5 {[%emt 0:00:28]} Nc5 {[%emt 0:00:09]} 12. Bc2 {[%emt 0:00:50]} Nd5 {[%emt 0:00:29]} 13. a3 {[%emt 0:02:04]} Bd7 {[%emt 0:00:48]} 14. Rd1 {[%emt 0:02:16]} Qc7 {[%emt 0:00:26]} 15. Nd4 {[%emt 0:00:32]} Be7 {[%emt 0:00:45]} 16. Nd2 {[%emt 0:01:51]} Nf4 {[%emt 0:02:23]} 17. Qe3 {[%emt 0:00:30]} Ng6 {[%emt 0:00:07]} 18. N2f3 {[%emt 0:00:08]} Rc8 {[%emt 0:00:39]} 19. Bd2 {[%emt 0:00:36]} Na4 {[%emt 0:01:14]} 20. Rdc1 {[%emt 0:00:54]} Qb8 {[%emt 0:00:47]} 21. b3 {[%emt 0:00:19]} Nb6 {[%emt 0:02:06]} 22. Nxe6 {[%emt 0:01:30]} Bxe6 {[%emt 0:01:38]} 23. Qxb6 {[%emt 0:00:06]} Bc5 {[%emt 0:00:35]} 24. Qa5 {[%emt 0:00:10]} Qa7 {[%emt 0:01:03]} 25. Be4 {[%emt 0:01:39]} b6 {[%emt 0:01:00]} 26. Qa4+ {[%emt 0:00:30]} Bd7 {[%emt 0:00:03]} 27. Qc4 {[%emt 0:00:21]} Bxf2+ {[%emt 0:00:05]} 28. Kxf2 {[%emt 0:00:02]} Rxc4 {[%emt 0:00:00]} 29. Rxc4 {[%emt 0:00:02]} O-O {[%emt 0:00:13]} 30. Rac1 {[%emt 0:00:02]} Qb8 {[%emt 0:00:44]} 31. Rc7 {[%emt 0:00:04]} Be6 {[%emt 0:00:07]} 32. Bb4 {[%emt 0:00:18]} Re8 {[%emt 0:00:19]} 33. Bd6 {[%emt 0:00:17]} Qd8 {[%emt 0:00:01]} 34. Bc6 {[%emt 0:00:03]} Nh4 {[%emt 0:00:29]} 35. Bxe8 {[%emt 0:00:09]} Qxe8 {[%emt 0:00:24]} 36. Nxh4 {[%emt 0:00:07]} h6 {[%emt 0:00:32]} 37. R1c6 {[%emt 0:00:02]} Bd7 {[%emt 0:00:24]} 38. Rxb6 {[%emt 0:00:13]} Qe6 {[%emt 0:00:16]} 39. Rbb7 {[%emt 0:00:09]} Qg4 {[%emt 0:00:23]} 40. Rxd7 {[%emt 0:00:15]} Qxh4+ {[%emt 0:00:02]} 41. Ke2 {[%emt 0:00:19]} Qg4+ {[%emt 0:00:15]} 42. Kd3 {[%emt 0:00:03]} Qg6+ {[%emt 0:00:14]} 43. Kc3 {[%emt 0:00:04]} Qxg2 {[%emt 0:00:12]} 44. Rxf7 {[%emt 0:00:04]} Qh3+ {[%emt 0:00:23]} 45. Kd4 {[%emt 0:00:19]} Qg4+ {[%emt 0:00:13]} 46. Kc3 {[%emt 0:00:27]} Qh3+ {[%emt 0:00:07]} 47. Kb4 {[%emt 0:00:04]} Qh4+ {[%emt 0:00:01]} 48. Ka5 {[%emt 0:00:11]} Qe1+ {[%emt 0:00:07]} 49. b4 {[%emt 0:00:04]} 1-0